[Event "FRA-chB"]
[Site "Epinal"]
[Date "1986.??.??"]
[Round "3"]
[White "Benoit, Michel"]
[Black "Lautier, Joel"]
[Result "0-1"]
[WhiteElo "2235"]
[BlackElo "2220"]

1.Nf3 Nf6 2.g3 g6 3.b4 Bg7 4.Bb2 O-O 5.Bg2 c6 6.O-O a5 7.a3 axb4 8.axb4 Rxa1
9.Bxa1 Qb6 10.c3 d5 11.d3 Ne8 12.Nbd2 Nd6 13.Qb3 Na6 14.Re1 Be6 15.Rb1 h6
16.Ne1 f5 17.d4 Kh7 18.Bb2 Bg8 19.Nd3 Nb8 20.Ra1 Nc4 21.Nf3 Nd7 22.Qc2 e5
23.dxe5 Ndxe5 24.Nfxe5 Nxe5 25.Nc5 f4 26.gxf4 Rxf4 27.Ra8 Ng4 28.Bc1 Rxf2
29.Rxg8 Kxg8 30.Qxg6 Ne5 31.Bxd5+ Kh8 32.Qe6 Rf8 33.Bxh6 Qc7 34.Bb3 Ng4 35.Qxg4 Bxh6
36.Qd4+ Qg7+ 37.Qxg7+ Bxg7 38.Ne4 Rf4 39.Bc2 Bxc3 40.Nxc3  0-1

[Event "FRA-chB"]
[Site "Epinal"]
[Date "1986.??.??"]
[Round "4"]
[White "Corgeron, JL."]
[Black "Lautier, Joel"]
[Result "1/2-1/2"]
[WhiteElo "2160"]
[BlackElo "2220"]

1.d4 Nf6 2.Nf3 g6 3.g3 Bg7 4.Bg2 O-O 5.c4 d6 6.O-O Nbd7 7.Nc3 e5 8.Qc2 c6
9.Rd1 Qc7 10.h3 Re8 11.Be3 exd4 12.Nxd4 Ne5 13.b3 Nh5 14.Rac1 Bd7 15.Qd2 f5
16.Nf3 Rad8 17.Bg5 Nf6 18.Qxd6 Qxd6 19.Rxd6 Nf7 20.Bxf6 Nxd6 21.Bxd8 Rxd8
22.Ne1 Bc8 23.Nd3 Nf7 24.Na4 Ne5 25.Nab2 Be6 26.Nxe5 Bxe5 27.Nd3 Bf6 28.Rd1 Kf8
29.Kf1 a5 30.e3 b5 31.cxb5 cxb5 32.Ke2 Ke7 33.Rc1 Rc8 34.Rxc8 Bxc8 35.Bd5 Kd6
36.Bg8 h6 37.h4 g5 38.hxg5 hxg5 39.Bf7 a4 40.Kd2 Bd7 41.Kc2 Bg7 42.Bg6 Bf6
43.Bf7 Bc6 44.b4 Bd5 45.Bxd5 Kxd5 46.f3 Be7 47.a3  1/2-1/2

[Event "FRA-chB"]
[Site "Epinal"]
[Date "1986.??.??"]
[Round "5"]
[White "Lautier, Joel"]
[Black "Weill, Roland"]
[Result "0-1"]
[WhiteElo "2220"]
[BlackElo "2230"]

1.d4 Nf6 2.c4 e6 3.Nc3 Bb4 4.Bg5 h6 5.Bh4 c5 6.d5 exd5 7.cxd5 d6 8.e3 Bf5
9.f3 Qe7 10.e4 g5 11.Bf2 Bxe4 12.fxe4 Nxe4 13.Bb5+ Nd7 14.Bxd7+ Kxd7 15.Kf1 Bxc3
16.bxc3 Rhe8 17.g3 Qf6 18.Nh3 Nxc3 19.Qb3 Kc7 20.Kg2 Qe5 21.Rhe1 Qxd5+ 22.Qxd5 Nxd5
23.g4 Re6 24.Red1 Kc6 25.a4 Rae8 26.Rd3 Nf6 27.Kf3 d5 28.Bg3 d4 29.Raa3 Nd5
30.Bf2 Rf6+ 31.Kg3 Nc3 32.Raxc3 dxc3 33.Rxc3 b6 34.Ng1 a5 35.Nf3 Re4 36.Ra3 Rff4
37.h3 Rxa4 38.Ne5+ Kb5 39.Rd3 Rae4 40.Rd5 Re2  0-1

[Event "FRA-chB"]
[Site "Epinal"]
[Date "1986.??.??"]
[Round "7"]
[White "Lautier, Joel"]
[Black "Dieu, Bruno"]
[Result "1/2-1/2"]
[WhiteElo "2220"]
[BlackElo "2080"]

1.d4 Nf6 2.c4 c5 3.d5 b5 4.cxb5 a6 5.bxa6 Bxa6 6.Nc3 g6 7.f4 d6 8.Nf3 Bg7
9.e4 Bxf1 10.Rxf1 O-O 11.e5 Ne8 12.Kf2 Qb6 13.Qe2 Nc7 14.Rd1 Nd7 15.Nd2 dxe5
16.Nc4 Qa6 17.d6 exd6 18.Rxd6 Qc8 19.fxe5 Re8 20.Kg1 Nxe5 21.Nb6 Qa6 22.Qd1 Ra7
23.Bf4 Nc4 24.Nxc4 Qxc4 25.Qf1 Qxf1+ 26.Kxf1 Ne6 27.Bd2 Rb8 28.Rb1 Rab7 29.b3 c4
30.Rc6 cxb3 31.Rxb3 Rxb3 32.axb3 Nd4 33.Rc4 Nxb3 34.Bf4 Rd8 35.Ke2 Nd4+ 36.Kf2 Ne6
37.Be3 Bd4 38.Ne4 Kg7 39.Nc5 Bxe3+ 40.Kxe3 Nf8 41.g4 h6 42.Ra4 Re8+ 43.Kf3 Re7
44.Ra6 Rc7 45.Ne4 Ne6 46.h4 Rb7 47.Ra3 Rb3+ 48.Rxb3 Nd4+ 49.Kf4 Nxb3 50.g5 Na5
51.gxh6+ Kxh6 52.Nd6 Kg7 53.Nxf7 Kxf7 54.h5 gxh5 55.Kg5  1/2-1/2

[Event "Hamburg HSV"]
[Site "Hamburg"]
[Date "1986.??.??"]
[Round "?"]
[White "Lautier, Joel"]
[Black "Stein, Bernd"]
[Result "1/2-1/2"]
[WhiteElo "2255"]
[BlackElo "2405"]

1.d4 Nf6 2.c4 e6 3.Nc3 c5 4.d5 exd5 5.cxd5 d6 6.e4 g6 7.f4 Bg7 8.Bb5+ Nfd7
9.a4 a6 10.Bd3 Qh4+ 11.g3 Qd8 12.Nf3 O-O 13.O-O Re8 14.Kg2 Nf8 15.e5 Bg4
16.h3 Bxf3+ 17.Qxf3 Nbd7 18.Ne4 dxe5 19.f5 f6 20.Nd6 e4 21.Nxe4 Ne5 22.Qd1 Qxd5
23.Bc2 Qxd1 24.Rxd1 Nf7 25.g4 gxf5 26.gxf5 Re5 27.Bd2 Rae8 28.Re1 Nd7 29.Bc3 R5e7
30.Rad1 b5 31.Rxd7 Rxd7 32.Nxf6+ Bxf6 33.Rxe8+ Kg7 34.Bxf6+ Kxf6 35.Re6+ Kg5
36.Kg3 Rd4 37.Rxa6 bxa4 38.Rc6 Rc4 39.Bd3 Ne5 40.Bxc4 Nxc6 41.Bd3 Ne5 42.Bc2 Nc4
43.Bxa4 Nxb2 44.Bc2 h6 45.Kf3 Nc4 46.Ke4 Kf6 47.Bd3 Nd6+ 48.Kd5 Nxf5 49.Kxc5 Ke5
50.Bxf5 Kxf5  1/2-1/2

[Event "Hameln Voba"]
[Site "Hameln"]
[Date "1987.??.??"]
[Round "?"]
[White "Adrian, Claude"]
[Black "Lautier, Joel"]
[Result "0-1"]
[WhiteElo "2350"]
[BlackElo "2290"]

1.Nf3 Nf6 2.c4 g6 3.d4 Bg7 4.g3 O-O 5.Bg2 d6 6.O-O Nbd7 7.Qc2 e5 8.Rd1 Qe7
9.Nc3 c6 10.b3 Re8 11.e4 exd4 12.Nxd4 Nc5 13.f3 a5 14.Be3 Nfd7 15.Bf2 Ne5
16.h3 a4 17.Rab1 axb3 18.axb3 Na6 19.Na2 Nc5 20.Nc3 Na6 21.Na2 Nc5 22.Nc1 Ra3
23.Qd2 Ra8 24.Kh2 f5 25.exf5 gxf5 26.Nde2 Ncd3 27.Bd4 Nxc1 28.Nxc1 f4 29.Qxf4 Rf8
30.Qe3 Nxf3+ 31.Bxf3 Qxe3 32.Bxe3 Rxf3 33.Bd4 Bf5 34.Rb2 Ra1 35.Bxg7 Kxg7
36.Re1 Rc3 37.Nd3 Ra3 38.Nc1 Ra1 39.Nd3 Rxe1 40.Nxe1 d5 41.cxd5 cxd5 42.b4 d4
43.Rd2 Rc1 44.Ng2 d3 45.Ne3 Rc2 46.Nf1 Kf6 47.g4 Be4 48.Kg3 Ke5 49.Kf2 Kd4
50.Ke1 Bg2 51.Ng3 Kc3 52.Rd1 Bf3  0-1

[Event "Hameln Voba"]
[Site "Hameln"]
[Date "1987.??.??"]
[Round "?"]
[White "Lautier, Joel"]
[Black "David, Adrian"]
[Result "0-1"]
[WhiteElo "2290"]
[BlackElo "2360"]

1.d4 e6 2.c4 b6 3.e4 Bb7 4.Bd3 Bb4+ 5.Nc3 f5 6.d5 fxe4 7.Bxe4 Nf6 8.Bf3 exd5
9.cxd5 c6 10.d6 Bxc3+ 11.bxc3 O-O 12.Ne2 Na6 13.O-O Nc5 14.Qd4 Ba6 15.c4 Ne8
16.Be3 Qf6 17.Qg4 Qf7 18.Rfd1 Bxc4 19.a4 Nf6 20.Qf4 Bb3 21.Rd2 Ne6 22.Qh4 Bd5
23.Bg4 Ne4 24.Rdd1 Nxd6 25.Nc3 Nf5 26.Qh3 Nxe3 27.Qxe3 Nc7 28.Rd2 Be6 29.Bf3 d5
30.a5 c5 31.Qe5 Rad8 32.axb6 axb6 33.Ra7 Rd7 34.Nxd5 Nxd5 35.Rxd7 Qxd7 36.Bxd5 Bxd5
37.Rxd5 Qf7 38.f3 Qf6 39.Qe2 Ra8 40.Re5 Rf8 41.Qe4 h6 42.h3 Qf4 43.Qd5+ Kh8
44.Re6 Rb8 45.Rxb6 Rxb6 46.Qd8+ Kh7 47.Qxb6 Qd4+ 48.Kh2 Qe5+ 49.Kh1 c4 50.Qc6 Qd4
51.Qe6 Qd3 52.Kh2 c3 53.f4 c2 54.f5 Qb5 55.Qe3 Qc6  0-1

[Event "Hameln Voba"]
[Site "Hameln"]
[Date "1987.??.??"]
[Round "?"]
[White "Lautier, Joel"]
[Black "Horvath, Tamas"]
[Result "0-1"]
[WhiteElo "2290"]
[BlackElo "2385"]

1.d4 g6 2.c4 Bg7 3.e4 c5 4.Nf3 cxd4 5.Nxd4 Nf6 6.Nc3 O-O 7.Be3 d6 8.f3 a6
9.Qd2 b6 10.Be2 Bb7 11.O-O Nbd7 12.Rac1 Re8 13.Rfd1 Rc8 14.Bf1 Qc7 15.a4 Qb8
16.a5 bxa5 17.Na4 Qc7 18.Nb3 Bc6 19.Nc3 a4 20.Nd4 Nc5 21.Qc2 Bd7 22.Ra1 Rb8
23.Ra2 Rb4 24.Bg5 e6 25.Qf2 h6 26.Bc1 Rd8 27.Nc2 Rb7 28.Be3 Ne8 29.Kh1 Rdb8
30.Bd4 Rxb2 31.Rxb2 Rxb2 32.Nd5 exd5 33.Bxb2 Bxb2 34.Nb4 a3 35.Nxd5 Qd8 36.Qd2 Kg7
37.Qb4 a5 38.Qd2 Be6 39.Nf4 Qb6 40.Rb1 a2  0-1

[Event "Hameln Voba"]
[Site "Hameln"]
[Date "1987.??.??"]
[Round "?"]
[White "Lautier, Joel"]
[Black "Zsinka, Laszlo"]
[Result "1/2-1/2"]
[WhiteElo "2290"]
[BlackElo "2395"]

1.d4 Nf6 2.c4 e6 3.Nc3 Bb4 4.Bg5 h6 5.Bh4 Bxc3+ 6.bxc3 d6 7.e3 Qe7 8.Bd3 Nbd7
9.Ne2 c5 10.f3 e5 11.O-O O-O 12.Ng3 Re8 13.f4 exd4 14.exd4 Qf8 15.Bc2 a6
16.a4 b6 17.Qd3 Bb7 18.Rae1 Rxe1 19.Rxe1 Re8 20.Rxe8 Qxe8 21.Nf5 Be4 22.Qg3 Bxf5
23.Bxf5 Qe2 24.Qe1 Qxe1+ 25.Bxe1 Kf8 26.Bh4 Ke8 27.Kf1 Nh5 28.g3 g6 29.Be4 Nhf6
30.Bc6 Ng4 31.Kg2 f5 32.h3 Ne3+ 33.Kf3 Nxc4 34.g4 Na5 35.Bd5 Nf8 36.Bf6 b5
37.axb5 axb5 38.Ke3 b4 39.dxc5 dxc5 40.cxb4 cxb4 41.Kd3 Nd7 42.Bh4 Nb6 43.Be6 fxg4
44.hxg4 Na4 45.Bd5 b3 46.Bf6 Nb6 47.Be4 Kf7 48.Bd4 Nac4 49.Kc3 b2 50.Bxb6 Nxb6
51.Kxb2  1/2-1/2

[Event "Hameln Voba"]
[Site "Hameln"]
[Date "1987.??.??"]
[Round "?"]
[White "Lehmann, Heinz Dr"]
[Black "Lautier, Joel"]
[Result "1-0"]
[WhiteElo "2250"]
[BlackElo "2290"]

1.d4 Nf6 2.c4 e6 3.Nf3 b6 4.e3 Bb7 5.Bd3 d5 6.O-O Bd6 7.Nc3 O-O 8.Qc2 Na6
9.a3 c5 10.Qe2 Nc7 11.Rd1 Ne4 12.Nd2 f5 13.Nf1 Qf6 14.dxc5 bxc5 15.Bxe4 fxe4
16.Nxe4 Bxh2+ 17.Nxh2 dxe4 18.Bd2 Qh4 19.Bc3 Rf5 20.Rd7 Rh5 21.Rxg7+ Kf8
22.Qxh5 Qxh5 23.Rxc7 Ba6 24.g4 Qh4 25.Rxc5 Rc8 26.Rh5 Qd8 27.Rxh7 Qd3 28.g5 Rc5
29.Bf6 Rf5 30.Ng4 Qe2 31.Rh8+ Kf7 32.Ne5+ Rxe5 33.Bxe5 Qg4+ 34.Bg3 e5 35.Rc1 Kg7
36.Rh6 Bc8 37.Rc6 Bf5 38.c5 Qxg5 39.Rd1 Bh3 40.Rdd6 Kf8 41.Rc7 Ke8 42.Rxa7 Qh5
43.Ra8+ Ke7 44.Rdd8 Ke6 45.Rh8 Qd1+ 46.Kh2 Bg4 47.Rh6+ Kf5 48.Bh4 Bh5 49.Rg8 Bg6
50.Rf8+  1-0

[Event "Hameln Voba"]
[Site "Hameln"]
[Date "1987.??.??"]
[Round "?"]
[White "Pape, Joerg"]
[Black "Lautier, Joel"]
[Result "1-0"]
[WhiteElo "2200"]
[BlackElo "2290"]

1.e4 c5 2.Nc3 Nc6 3.g3 g6 4.Bg2 Bg7 5.d3 d6 6.Be3 e6 7.Qd2 Nd4 8.Nf3 Ne7
9.O-O-O Qb6 10.Bh6 Ne2+ 11.Qxe2 Bxh6+ 12.Nd2 Qa6 13.f4 Bd7 14.Nc4 O-O 15.e5 dxe5
16.Nxe5 Bc6 17.Kb1 Bg7 18.Rhe1 Rad8 19.g4 Rd4 20.Bxc6 Nxc6 21.Ne4 Qb6 22.c3 Rd5
23.Nc4 Qc7 24.Ne3 Rdd8 25.f5 Qe5 26.Nc4 Qd5 27.Ne3 Qe5 28.Nc4 Qd5 29.f6 Bh8
30.g5 Ne5 31.Ne3 Qc6 32.Ng4 Nxg4 33.Qxg4 h5 34.Qf4 Rd5 35.d4 Rfd8 36.Nxc5 Rf5
37.Qe3 Qg2 38.h4 Qg4 39.Qe4 Rf4 40.Qxb7 Qxh4 41.Qe7 Rf8 42.Nd7 Rc8 43.Ne5 Rf8
44.Nxf7 Rxf7 45.Qe8+ Rf8 46.Qxg6+  1-0

[Event "FRA-ch"]
[Site "Rouen"]
[Date "1987.??.??"]
[Round "1"]
[White "Haik, Aldo"]
[Black "Lautier, Joel"]
[Result "1-0"]
[WhiteElo "2445"]
[BlackElo "2290"]

1.Nf3 Nf6 2.g3 g6 3.Bg2 Bg7 4.O-O O-O 5.c4 d6 6.Nc3 e5 7.d4 Nbd7 8.e4 c6
9.h3 Qa5 10.Be3 Re8 11.d5 cxd5 12.cxd5 Nc5 13.Nd2 Bd7 14.Nb3 Nxb3 15.Qxb3 b5
16.a3 Rec8 17.Rfc1 Qd8 18.Ne2 a6 19.Qb4 Ne8 20.g4 h6 21.Kh2 Kh7 22.Qd2 Qh4
23.f3 f5 24.Kg1 Qd8 25.exf5 gxf5 26.Qd3 Bf6 27.Ng3 Ng7 28.gxf5 h5 29.f4 Kh8
30.fxe5 Bxe5 31.Bd4 Qg5 32.Rxc8+ Rxc8 33.Bxe5 dxe5 34.Rf1 h4 35.Ne4 Bxf5
36.d6 Bxe4 37.Qxe4 Ne6 38.d7 Rg8 39.Rf7 Rg7 40.Rf5 Qc1+ 41.Kh2 Qd2 42.Rh5+ Kg8
43.Qa8+ Kf7 44.Qe8+ Kf6 45.d8=Q+ Nxd8 46.Qxe5+ Kf7 47.Rf5+ Kg6 48.Rf4  1-0

[Event "FRA-ch"]
[Site "Rouen"]
[Date "1987.??.??"]
[Round "3"]
[White "Abravanel, Chely"]
[Black "Lautier, Joel"]
[Result "1/2-1/2"]
[WhiteElo "2320"]
[BlackElo "2290"]

1.e4 c5 2.Nf3 d6 3.c3 Nf6 4.Bd3 Bg4 5.h3 Bh5 6.Be2 Nc6 7.d3 e5 8.O-O Qc7
9.Nbd2 Be7 10.Nc4 O-O 11.Ne3 Bd8 12.Re1 Re8 13.Qa4 Rb8 14.Bd2 Qd7 15.Nd5 b5
16.Qd1 Nxd5 17.exd5 Bxf3 18.Bxf3 Ne7 19.b3 Ng6 20.g3 f5 21.Bg2 Bf6 22.Rb1 Qf7
23.Qh5 Ne7 24.Qxf7+ Kxf7 25.a4 Rec8 26.axb5 Rxb5 27.c4 Rb7 28.Bf3 Rcb8 29.Bd1 Nc8  1/2-1/2

[Event "FRA-ch"]
[Site "Rouen"]
[Date "1987.??.??"]
[Round "5"]
[White "Roos, Louis"]
[Black "Lautier, Joel"]
[Result "1-0"]
[WhiteElo "2345"]
[BlackElo "2290"]

1.e4 c5 2.Nc3 e6 3.Nf3 d5 4.exd5 exd5 5.d4 c4 6.g3 Bb4 7.Bg2 Ne7 8.O-O Nbc6
9.Ne2 O-O 10.a3 Bd6 11.Bf4 Bg4 12.h3 Bxf3 13.Bxf3 Bxf4 14.Nxf4 Qb6 15.Re1 Qxb2
16.Rb1 Qxa3 17.Rxb7 Rad8 18.c3 Qd6 19.Rb5 Qa3 20.Qa1 Qd6 21.Bg2 Rfe8 22.Rc5 Qh6
23.Qa6 Kf8 24.Qa3 Kg8 25.Qc1 Qf6 26.Nxd5 Nxd5 27.Rxd5 Rb8 28.Rc5 Rec8 29.Qf4 Rb6
30.Qxf6 gxf6 31.d5  1-0

[Event "FRA-ch"]
[Site "Rouen"]
[Date "1987.??.??"]
[Round "7"]
[White "Boudre, Jean Pierre"]
[Black "Lautier, Joel"]
[Result "0-1"]
[WhiteElo "2300"]
[BlackElo "2290"]

1.e4 c5 2.Nf3 d6 3.d4 cxd4 4.Nxd4 Nf6 5.Nc3 a6 6.Bg5 e6 7.f4 Be7 8.Qf3 h6
9.Bh4 Qc7 10.O-O-O Nbd7 11.Be2 b5 12.Bxf6 Bxf6 13.e5 dxe5 14.fxe5 Bb7 15.exf6 Bxf3
16.Bxf3 O-O 17.fxg7 Kxg7 18.Bxa8 Rxa8 19.Rhf1 Rc8 20.Ne4 Kg8 21.Rd3 f5 22.Rc3 Qb8
23.Rg3+ Kh8 24.Nd2 Qe5 25.N2f3 Qe3+ 26.Kb1 Rc4 27.Re1 Rxd4  0-1

[Event "FRA-ch"]
[Site "Rouen"]
[Date "1987.??.??"]
[Round "10"]
[White "Andruet, Gilles"]
[Black "Lautier, Joel"]
[Result "1-0"]
[WhiteElo "2390"]
[BlackElo "2290"]

1.d4 Nf6 2.c4 d6 3.Nf3 Nbd7 4.Nc3 e5 5.Bg5 Be7 6.e3 c6 7.Qc2 Qc7 8.Bd3 a6
9.O-O h6 10.Bh4 O-O 11.Rac1 b6 12.Rfd1 Re8 13.Rd2 Bb7 14.h3 Bf8 15.Rcd1 exd4
16.Nxd4 c5 17.Nf5 g6 18.Bxf6 Nxf6 19.Ng3 Re5 20.Nge4 Nd7 21.Be2 Re6 22.Nd5 Bxd5
23.Rxd5 Nf6 24.Nxf6+ Rxf6 25.Bf3 Ra7 26.R5d3 Re6 27.Rb3 Re8 28.Bd5 Kg7 29.e4 Kh8
30.Rf3 Re7 31.Qd2 Bg7 32.h4 Kh7 33.h5 g5 34.Kh2 Be5+ 35.g3 f6 36.Rb3 Rg7
37.Qe2 Kh8 38.Qg4 Qd8 39.Rg1 Rad7 40.Qf5 Bd4 41.Kg2 Rde7 42.Qg4 Qc7 43.Rd1 Re5
44.Ra3 a5 45.Rb3 Re8 46.Rdd3 Rb8 47.Rb5 Qd8 48.Rdb3 a4 49.Ra3 Ra7 50.b3 Bb2
51.Rxa4 Rxa4 52.bxa4 Bc3 53.Rb3 Ba5 54.Qe6 Qf8 55.Rf3 Re8 56.Qxf6+ Qxf6 57.Rxf6 Kg7
58.Rg6+ Kh7 59.Rxd6 Re5 60.Be6  1-0

[Event "FRA-ch"]
[Site "Rouen"]
[Date "1987.??.??"]
[Round "11"]
[White "Kappler, Jean Marie"]
[Black "Lautier, Joel"]
[Result "1/2-1/2"]
[WhiteElo "2240"]
[BlackElo "2290"]

1.d4 Nf6 2.c4 e6 3.Nc3 Bb4 4.g3 O-O 5.Bg2 d6 6.Nf3 Bxc3+ 7.bxc3 Nc6 8.O-O Qe7
9.Nd2 e5 10.Nb3 Bd7 11.a4 Rae8 12.d5 Nb8 13.e4 c6 14.Ba3 cxd5 15.cxd5 Rc8
16.Qd3 Rc7 17.c4 b6 18.a5 Bc8 19.axb6 axb6 20.Nd2 Ba6 21.Qb3 Nfd7 22.Qb4 Rc5
23.Qb3 Rc7 24.Rfc1 Rb7 25.Qe3 Nc5 26.Nb3 Nxb3 27.Qxb3 Nd7 28.Bxd6 Qxd6 29.Rxa6 Nc5
30.Qa3 Qb8 31.Rxb6 Rxb6 32.Qxc5 Rc8 33.Qe3 Rb3 34.Qe1 Qb6 35.Bf1 h5 36.Qd1 Rb2
37.Qf3 h4 38.gxh4 Qg6+ 39.Qg2 Qb6 40.Qg3 Rb1 41.Rxb1 Qxb1 42.Qxe5 Rxc4 43.Qe8+ Kh7
44.Qxf7 Rc1 45.Qh5+  1/2-1/2

[Event "FRA-ch"]
[Site "Rouen"]
[Date "1987.??.??"]
[Round "12"]
[White "Lautier, Joel"]
[Black "Guyot, Philippe"]
[Result "1/2-1/2"]
[WhiteElo "2290"]
[BlackElo "2295"]

1.d4 Nf6 2.c4 e6 3.Nc3 Bb4 4.g3 c5 5.Nf3 Ne4 6.Qd3 Qa5 7.Qxe4 Bxc3+ 8.Bd2 Bxd2+
9.Nxd2 Nc6 10.dxc5 b6 11.Bg2 Bb7 12.Qf4 Qxc5 13.a3 O-O 14.Ne4 Qd4 15.Nc3 Qxf4
16.gxf4 Na5 17.Bxb7 Nxb7 18.O-O-O Rfd8 19.b3 Rac8 20.Kb2 Kf8 21.Rd4 Rc6 22.Rhd1 Ke7
23.e4 Rd6 24.Nb5 Rxd4 25.Rxd4 a6 26.Nc7 Nc5 27.b4 Rc8 28.bxc5 bxc5 29.Nd5+ exd5
30.Rxd5 Rc6 31.Rh5 Rf6 32.f5 g6 33.Rxh7 gxf5 34.e5 Rg6 35.Rh5 Ke6 36.f4 Rg4
37.Rh6+ Ke7 38.Rxa6 Rxf4 39.Rf6 Rxc4 40.Rxf5 Rh4  1/2-1/2

[Event "Wch U20"]
[Site "Adelaide"]
[Date "1988.??.??"]
[Round "2"]
[White "Hellers, Ferdinand"]
[Black "Lautier, Joel"]
[Result "1/2-1/2"]
[WhiteElo "2490"]
[BlackElo "2365"]

1.e4 e6 2.d4 d5 3.Nd2 Nf6 4.e5 Nfd7 5.c3 c5 6.Bd3 Nc6 7.Ne2 cxd4 8.cxd4 f6
9.exf6 Nxf6 10.O-O Bd6 11.Nf3 O-O 12.Bf4 Bxf4 13.Nxf4 Qd6 14.g3 Bd7 15.Re1 Rae8
16.Ne5 Re7 17.Rc1 Be8 18.Bb1 Qb4 19.Nxc6 Bxc6 20.Re2 Rfe8 21.a3 Qb6 22.b4 Ne4
23.Bxe4 dxe4 24.d5 exd5 25.Nxd5 Bxd5 26.Qxd5+ Qe6 27.Qxe6+ Rxe6 28.Rc7 R8e7
29.Rxe7 Rxe7 30.f4 Kf7 31.Kf2 Rc7 32.Rxe4 Rc2+ 33.Re2 Rc3 34.a4 Ra3 35.a5 Rb3
36.Re4 h5 37.Re5 Rb2+ 38.Kf3 Rxh2 39.Rb5 b6 40.axb6 axb6 41.Rxb6 g6 42.b5 Rb2
43.Rb8 Rb3+ 44.Kg2 Rb2+ 45.Kh3 Kf6 46.Rb6+ Kf5 47.Rb8 Kf6 48.g4 hxg4+ 49.Kxg4 Rb3
50.Rb6+ Kf7 51.Rb8 Kf6 52.b6 Kf7 53.Kg5 Rb5+ 54.Kh4 Rb3 55.Kg4 Kf6 56.Rb7 Ke6
57.Kg5 Rg3+ 58.Kh6 Kf6 59.Kh7 g5 60.fxg5+ Rxg5 61.Rb8 Rh5+ 62.Kg8 Rg5+ 63.Kf8 Rh5
64.Kg8  1/2-1/2

[Event "Wch U20"]
[Site "Adelaide"]
[Date "1988.??.??"]
[Round "3"]
[White "Lautier, Joel"]
[Black "Hansen, Lars Bo"]
[Result "0-1"]
[WhiteElo "2365"]
[BlackElo "2455"]

1.d4 Nf6 2.c4 c5 3.d5 a6 4.a4 e5 5.Nc3 Bd6 6.e4 Bc7 7.g3 d6 8.Bg2 Ba5 9.Bd2 Nbd7
10.Nge2 Nf8 11.O-O Ng6 12.Be1 Bd7 13.f4 b6 14.Nc1 Qe7 15.f5 Nf8 16.Nd3 h6
17.Rb1 Bxc3 18.bxc3 Rb8 19.Bd2 a5 20.Ne1 Kd8 21.g4 N6h7 22.Ra1 Kc7 23.Be3 Bc8
24.Nf3 Ba6 25.Qe2 Ng5 26.f6 gxf6 27.Nh4 Ng6 28.Nf5 Qe8 29.h4 Nh7 30.Bxh6 Bc8
31.h5 Bxf5 32.Rxf5 Ne7 33.Rf2 Rg8 34.Kh2 f5 35.gxf5 Nf6 36.Bf3 Nxf5 37.exf5 e4
38.Bg2 Ng4+ 39.Kh1 Nxh6 40.Qxe4 Qxe4 41.Bxe4 Rbe8 42.Bg2 Rg5 43.f6 Rxh5+
44.Kg1 Rg5 45.Raf1 Ng4 46.Rf3 Ne3 47.R1f2 Nxc4 48.Rh3 Re1+ 49.Rf1 Rxf1+ 50.Kxf1 Rg4
51.Bf3 Rf4 52.Kg2 Ne5 53.Bd1 Rxf6 54.Re3 Rf4 55.Kg3 Rf1 56.Be2 Re1 57.Re4 c4
58.Kf4 b5 59.Ke3 bxa4  0-1

[Event "Wch U20"]
[Site "Adelaide"]
[Date "1988.??.??"]
[Round "7"]
[White "Blatny, Pavel"]
[Black "Lautier, Joel"]
[Result "0-1"]
[WhiteElo "2490"]
[BlackElo "2365"]

1.e4 e6 2.d4 d5 3.Nd2 c5 4.Ngf3 cxd4 5.exd5 Qxd5 6.Bc4 Qd6 7.O-O Nc6 8.Nb3 Nf6
9.Nbxd4 Nxd4 10.Nxd4 a6 11.c3 Qc7 12.Qe2 Bd6 13.h3 O-O 14.Bd3 Bd7 15.Bg5 Nd5
16.Qe4 f5 17.Qf3 h6 18.Bd2 Nf6 19.Qd1 Rae8 20.Qb3 Kh8 21.Rad1 Bc5 22.Nf3 Bc6
23.Nd4 Bd5 24.Qa4 b5 25.Qc2 Qb7 26.Be3 Bxg2 27.Nxe6 Rxe6 28.Bxc5 Qf3 29.Rfe1 Bxh3
30.Bf1 Bxf1 31.Rxf1 Ne4  0-1

[Event "Wch U20"]
[Site "Adelaide"]
[Date "1988.??.??"]
[Round "9"]
[White "Wahls, Matthias"]
[Black "Lautier, Joel"]
[Result "1-0"]
[WhiteElo "2460"]
[BlackElo "2365"]

1.e4 e6 2.d4 d5 3.Nd2 Nf6 4.e5 Nfd7 5.c3 c5 6.f4 Nc6 7.Ndf3 Qb6 8.g3 cxd4
9.cxd4 f6 10.Bd3 Be7 11.Kf1 O-O 12.Kg2 Rf7 13.Ne2 Nf8 14.Nc3 Bd7 15.Na4 Qc7
16.Bd2 fxe5 17.dxe5 g5 18.Rc1 gxf4 19.Bxf4 Ng6 20.Bxg6 hxg6 21.Nc5 Raf8 22.Qd3 Rf5
23.h4 Be8 24.Nb3 Qb6 25.Nfd4 R5f7 26.Rhf1 Nxd4 27.Qxd4 Bd7 28.Qxb6 axb6 29.Be3 Rxf1
30.Rxf1 Rxf1 31.Kxf1 Bd8 32.Nd4 Be7 33.Nf3 Bd8 34.Bg5 Bc7 35.Bf6 b5 36.Ng5 Bb6
37.Ke2 Bg1 38.g4 d4 39.Nf3 Be3 40.Bg5 Bc6 41.Bxe3 dxe3 42.Nd4 Bd7 43.Kxe3 Kf7
44.Kf4 Kg7 45.Kg5 Kf7 46.Kh6 Be8 47.Kh7 Bd7 48.Nf3 Be8 49.Ng5+ Ke7 50.Kg7 b4
51.Ne4  1-0

[Event "Wch U20"]
[Site "Adelaide"]
[Date "1988.??.??"]
[Round "11"]
[White "Akopian, Vladimir"]
[Black "Lautier, Joel"]
[Result "1-0"]
[WhiteElo "2455"]
[BlackElo "2365"]

1.e4 e6 2.d4 d5 3.Nd2 Nf6 4.e5 Nfd7 5.c3 c5 6.Bd3 Nc6 7.Ne2 cxd4 8.cxd4 f6
9.exf6 Nxf6 10.Nf3 Bd6 11.O-O O-O 12.Bg5 Bd7 13.Re1 Qb6 14.Nc3 Kh8 15.Na4 Qc7
16.Rc1 Ng4 17.g3 Rae8 18.Bb1 g6 19.Rf1 Bc8 20.Nh4 e5 21.dxe5 Rxe5 22.Qd2 Qg7
23.f4 Bb4 24.Qg2 Ree8 25.f5 gxf5 26.Bf4 Nd4 27.Bd3 Bd7 28.Nc3 Ne6 29.Nxf5 Nxf4
30.Nxg7 Nxg2 31.Nxe8 Rxe8 32.Nxd5 N2e3 33.Rf7 Nxd5 34.Rxh7+ Kg8 35.Rxd7 Ndf6
36.Rxb7 Ba5 37.Kg2 Bb6 38.Rc6 Rf8 39.Bc4+ Kh8 40.Be6 Ne3+ 41.Kf3 Nfg4+ 42.Ke4 Nf2+
43.Ke5 Nd3+ 44.Kd6 Nxb2 45.Rc8 Rxc8 46.Bxc8 Nbc4+ 47.Ke6 Nf1 48.Rf7 Ncd2
49.Kf6 Kg8 50.Kg6  1-0

[Event "GMA-Open"]
[Site "Belgrade"]
[Date "1988.??.??"]
[Round "?"]
[White "Lautier, Joel"]
[Black "Karpman, Vadim"]
[Result "1/2-1/2"]
[WhiteElo "2365"]
[BlackElo "2490"]

1.d4 Nf6 2.c4 e6 3.Nc3 Bb4 4.e3 c5 5.Bd3 Nc6 6.Ne2 cxd4 7.exd4 d5 8.cxd5 Nxd5
9.O-O O-O 10.Bc2 Bd6 11.Ne4 b6 12.Nxd6 Qxd6 13.Qd3 f5 14.a3 Bb7 15.Bb3 a5
16.Bc4 Nce7 17.Bg5 Ng6 18.Bd2 Rfc8 19.Rfe1 Rc7 20.Rac1 Rac8 21.Bb3 Rxc1  1/2-1/2

[Event "GMA-Open"]
[Site "Belgrade"]
[Date "1988.??.??"]
[Round "?"]
[White "Lautier, Joel"]
[Black "Atanasijadis, Antimos"]
[Result "0-1"]
[WhiteElo "2365"]
[BlackElo "2260"]

1.d4 d5 2.c4 e6 3.Nc3 c6 4.Nf3 dxc4 5.a4 Bb4 6.e3 b5 7.Bd2 Bb7 8.b3 a5 9.bxc4 bxc4
10.Bxc4 Nf6 11.O-O O-O 12.Qe2 c5 13.Rfd1 Nbd7 14.Nb5 Qe7 15.Rac1 Rfd8 16.Bd3 Rac8
17.e4 cxd4 18.Rxc8 Rxc8 19.Nfxd4 Ne5 20.Bb1 Bxd2 21.Qxd2 Nc4 22.Qe2 Qc5 23.Rc1 Qb4
24.Bd3 Nb6 25.Rxc8+ Nxc8 26.e5 Nd5 27.Qd1 Nf4 28.Bf1 Nd5 29.Nf3 Ncb6 30.Nd6 Nxa4
31.Bb5 Ndc3 32.Qd3 Nc5 33.Qe3 Bd5 34.Bf1 h6 35.Nd4 N3e4 36.f3 Qc3 37.Qxc3 Nxc3
38.Bb5 N3a4 39.Be8 f6 40.exf6 gxf6 41.Nc6 Bxc6 42.Bxc6 Nb2 43.Nb5 Nc4 44.Nc3 Nb6
45.Kf2 Kf7 46.Ke3 e5 47.Ne4 Nxe4 48.Bxe4 Ke6 49.g3 Nc4+ 50.Kd3 Nd6 51.Bc6 f5
52.Kc3 Nc8 53.Kc4 Kd6 54.Be8 Nb6+ 55.Kb5 Nd5 56.Bg6 e4 57.fxe4 fxe4 58.Kc4 Ke5
59.h4 Ne3+ 60.Kc3 Nf5  0-1

[Event "GMA-Open"]
[Site "Belgrade"]
[Date "1988.??.??"]
[Round "?"]
[White "Lautier, Joel"]
[Black "Arkhipov, Sergey"]
[Result "0-1"]
[WhiteElo "2365"]
[BlackElo "2460"]

1.d4 Nf6 2.c4 e6 3.Nc3 Bb4 4.e3 c5 5.Bd3 O-O 6.Ne2 d5 7.cxd5 cxd4 8.exd4 Nxd5
9.O-O Nc6 10.a3 Bd6 11.Ne4 Bc7 12.Bc2 Qh4 13.g3 Qh5 14.N2c3 Qxd1 15.Rxd1 Bb6
16.Ne2 h6 17.b3 Rd8 18.Bb2 Bd7 19.Nc5 Rab8 20.Rac1 Be8 21.Bd3 Nce7 22.Kf1 Bc6
23.Ng1 Nc7 24.a4 Ba5 25.Ke2 Bd5 26.Nf3 Na6 27.Bc4 Bxc4+ 28.Rxc4 Nb4 29.Ne5 Nbc6
30.Rd3 Rd5 31.Nxc6 Nxc6 32.Ke3 Bb6 33.Ke2 e5 34.b4 exd4 35.Bxd4 Bxc5 36.bxc5 Rbd8
37.Ke3 Ne5 38.Rdc3 Nxc4+ 39.Rxc4 R5d7 40.Rb4 f6 41.Rc4 Kf7 42.g4 Re8+ 43.Kf3 Ke6
44.Be3 Kd5 45.Rc1 Kc6 46.h4 Rd3 47.Rc4 Re5 48.Ke2 Rb3 49.Kd2 a5  0-1

[Event "GMA-Open"]
[Site "Belgrade"]
[Date "1988.??.??"]
[Round "?"]
[White "Paulic, Branko"]
[Black "Lautier, Joel"]
[Result "1/2-1/2"]
[WhiteElo "2225"]
[BlackElo "2365"]

1.e4 e6 2.Nf3 d5 3.Nc3 Nf6 4.e5 Nfd7 5.Ne2 c5 6.c3 Nc6 7.d4 Qb6 8.g3 cxd4
9.cxd4 f6 10.exf6 Nxf6 11.Bg2 Bb4+ 12.Nc3 Qa6 13.Bd2 O-O 14.Ne2 Bxd2+ 15.Nxd2 e5
16.dxe5 Nxe5 17.O-O Bg4 18.f3 Bd7 19.Nd4 Qb6 20.Nb3 a5 21.a4 Nc4 22.Rf2 Rae8
23.Bf1 Re3 24.Bxc4 dxc4 25.Qc1 Rxb3 26.Qxc4+ Rf7 27.Nxb3 Be6 28.Qb5 Qxb5
29.axb5 Bxb3 30.Rxa5 Rd7 31.Re2 Kf7 32.Kf2 Rd5 33.g4 h6 34.h4 Nd7 35.Kg3 Bc4
36.Rc2 Nb6 37.b3 Bxb3 38.Rc7+ Rd7 39.Rc5 Bd5 40.Ra3 Ke6 41.Re3+ Kd6 42.Rc1 Bc4
43.f4 Nd5 44.Re8 Bxb5 45.f5 Re7 46.Rxe7 Kxe7 47.Re1+ Kf7 48.Re6 Bc4 49.g5 h5
50.Rd6 Ke7 51.Re6+ Kf7 52.Rd6 b5 53.Rd7+ Kf8 54.Rb7 Bd3 55.Rd7 Be4 56.Rb7 b4
57.f6 gxf6 58.gxf6 Bc2 59.Rb5 b3 60.Rb7 Ne3 61.Kf4 Nc4 62.Kg5 Nd6 63.Rb6 Ne4+
64.Kg6 Nc5+ 65.Kxh5 Kf7 66.Kg5 Ne6+ 67.Kg4 Kxf6 68.h5 Ke5 69.Kf3 Nc5 70.Ke3 Kd5
71.Kd2 Kc4 72.Rc6 Kb4 73.h6 Bh7 74.Rxc5  1/2-1/2

[Event "GMA-Open"]
[Site "Belgrade"]
[Date "1988.??.??"]
[Round "?"]
[White "Simic, Radoslav"]
[Black "Lautier, Joel"]
[Result "1/2-1/2"]
[WhiteElo "2485"]
[BlackElo "2365"]

1.g3 g6 2.Bg2 Bg7 3.c4 Nf6 4.Nc3 O-O 5.Nf3 d6 6.O-O e5 7.d3 Re8 8.Bg5 Nbd7
9.Qd2 c6 10.Ne1 a5 11.Nc2 Nc5 12.Rac1 Ne6 13.Bxf6 Bxf6 14.e3 Bg7 15.Rfd1 f5
16.d4 exd4 17.exd4 Ng5 18.Re1 Rf8 19.f4 Nf7 20.h3 g5 21.Re3 Nh8 22.Rf1 Ng6
23.fxg5 Qxg5 24.h4 Qg4 25.Ne2 f4 26.Nxf4 Nxf4 27.gxf4 Bf5 28.Rb3 Bxc2 29.Qxc2 Rxf4
30.Rxf4 Qxf4 31.Qe4 Bxd4+ 32.Kh1 Qxe4 33.Bxe4 Re8 34.Bf5 Re1+ 35.Kg2 Re2+
36.Kf3 Rxb2 37.Rxb2 Bxb2 38.Bc8 b5 39.cxb5 cxb5 40.Ke4 Kf7 41.h5 Kf6 42.Bd7 b4
43.Kd5 Kg5 44.Be6 Be5 45.Kc4 Kf4 46.Bf7 Ke3 47.Kb5 Bc3 48.Kc6 a4 49.Kxd6 b3
50.Bxb3  1/2-1/2